000 00387nam a2200133Ia 4500
008 211109s9999||||xx |||||||||||||| ||und||
082 _a891.2
_bSAN-K
100 _aSanderabhatta,
245 0 _aKathasanitsagara
260 _bNATIONAL BOOKSTALL
_aKottayam
_c1900
630 _xGeneral Stack
650 _aIndian Literature
_vSanskrit LiteratureMalayalam Literature
_xSanskrit
942 _cBOOK
999 _c1135
_d1135